000 00711nam a2200241Ia 4500
003 OSt
005 20220925210634.0
006 a|||||r|||| 00| 0
007 ta
008 220923b |||||||| |||| 00| 0 eng d
037 _cGeneral Book
040 _aRTL
_cRTL
_beng
041 _2eng
_aeng
082 _aX9(J):8F, L4
100 _aJames Sydney C
_9272846
245 0 _aFarm accounting and business analysis
260 _aIowa
_bIowa State University Press
_c1974
300 _aviii, 269p. Appendix p. 263-69
_ccm.
650 _aAccounts
700 _a Stoneberg Everett
_9272847
942 _hX9(J):8F, L4
_cGB
_2CC
999 _c555678
_d555678